Účtovné podvody
Účtovná závierka, účtovné podvody. Podvod v účtovníctve je svojou podstatou úmyselný fakt, 3 hlavné elementy účtovného podvodu. Druhy účtovných podvodov. Etika v účtovníctve.
Gespeichert in:
| 1. Verfasser: | |
|---|---|
| Format: | Buchkapitel |
| Sprache: | Slowakisch |
| Schlagworte: | |
| Tags: |
Keine Tags, Fügen Sie das erste Tag hinzu!
|
MARC
| LEADER | 00000naa$a2200000$$$4500 | ||
|---|---|---|---|
| 001 | 0094609 | ||
| 005 | 20240502072043.3 | ||
| 041 | 0 | |a slo | |
| 044 | |a SK | ||
| 245 | 1 | 0 | |a Účtovné podvody |c Stanislava Husárová |
| 520 | |a Účtovná závierka, účtovné podvody. Podvod v účtovníctve je svojou podstatou úmyselný fakt, 3 hlavné elementy účtovného podvodu. Druhy účtovných podvodov. Etika v účtovníctve. | ||
| 610 | 2 | 0 | |a účtovníctvo |
| 610 | 2 | 0 | |a podvody |
| 610 | 2 | 0 | |a činnosť trestná |
| 610 | 2 | 0 | |a etika |
| 100 | 1 | |a Husárová, Stanislava | |